Desempleo de larga duración en Andalucía : (Record no. 215472)

MARC details
000 -CABECERA
campo de control de longitud fija 01984nab a2200265 ab4500
005 - FECHA Y HORA DE LA ÚLTIMA TRANSACCIÓN
campo de control 20260629125510.0
008 - ELEMENTOS DE LONGITUD FIJA--INFORMACIÓN GENERAL
campo de control de longitud fija 260604b2025 sp fr poo| 0 0 spa d
003 - IDENTIFICADOR DEL NÚMERO DE CONTROL
campo de control
040 ## - FUENTE DE LA CATALOGACIÓN
Centro catalogador/agencia de origen MX-MxUPN
Lengua de catalogación spa
Centro/agencia transcriptor MX-MxUPN
Normas de descripción aacr2
100 1# - ASIENTO PRINCIPAL--NOMBRE PERSONAL
Nombre de persona Acevedo Blanco, Antonio Jesús
9 (RLIN) 60149
100 1# - ASIENTO PRINCIPAL--NOMBRE PERSONAL
Nombre de persona Martínez Quintana, María Violante
9 (RLIN) 60150
100 1# - ASIENTO PRINCIPAL--NOMBRE PERSONAL
Nombre de persona González Rabanal, Miryam de la Concepción
9 (RLIN) 60151
245 14 - MENCIÓN DE TÍTULO
Título Desempleo de larga duración en Andalucía :
Resto del título análisis geosociológico de patrones espaciotemporales
Medio [recurso electrónico en línea]
506 0# - NOTA DE RESTRICCIONES AL ACCESO
Limitaciones de acceso Acceso abierto
520 3# - NOTA DE RESUMEN, ETC.
Sumario, etc. Esta investigación analiza la dependencia espaciotemporal del desempleo de larga duración (DLD) a nivel municipal en Andalucía y su significación geosociológica, utilizando datos abiertos de 2015 a 2023. Se lleva a cabo un análisis espacial bivariante para evaluar la dependencia global, seguido de una aproximación a la autocorrelación local mediante el análisis de clúster LISA (Local Indicators of Spatial Association) y un mapa de colocalización de las agrupaciones en la serie temporal. Los resultados revelan un descenso en la autocorrelación espacial y una reducción significativa de la polarización territorial del DLD, lo que sugiere posibles mejoras en el empleo. Las implicaciones prácticas destacan la importancia de incluir las ciencias de datos espaciales y los datos abiertos en políticas de empleo territorialmente focalizadas, para evaluar adecuadamente las implicaciones socioeconómicas y laborales.
Fuente proveedora REIS
650 #2 - ASIENTO SECUNDARIO DE MATERIA - TERMINO TEMATICO
Término de materia o nombre geográfico como elemento de entrada Desempleo
9 (RLIN) 15441
653 #4 - TERMINO DE INDIZACION - NO CONTROLADO
Término no controlado Dependencia espaciotemporal
653 #4 - TERMINO DE INDIZACION - NO CONTROLADO
Término no controlado Ciencias de Datos Espaciales
653 #4 - TERMINO DE INDIZACION - NO CONTROLADO
Término no controlado Datos abiertos
773 ## - ENLACE AL DOCUMENTO FUENTE/ENTRADA DE REGISTRO ANFITRIÓN
Parte(s) relacionada(s) No. 192 (2025), p. 5-26
Título REIS: revista española de investigaciones sociológicas
Número Internacional Normalizado para Publicaciones Seriadas 1988-5903
856 4# - LOCALIZACIÓN Y ACCESO ELECTRÓNICOS
Identificador Uniforme del Recurso <a href="https://reis.cis.es/index.php/reis/article/view/2437">https://reis.cis.es/index.php/reis/article/view/2437</a>
856 4# - LOCALIZACIÓN Y ACCESO ELECTRÓNICOS
Identificador Uniforme del Recurso <a href="https://reis.cis.es/index.php/reis/article/view/2437/2951">https://reis.cis.es/index.php/reis/article/view/2437/2951</a>
902 ## - ELEMENTOS DE DATOS B LOCAL, LDB (RLIN)
Creó Leonor Sotres/290626
942 ## - ELEMENTOS DE PUNTO DE ACCESO ADICIONAL (KOHA)
Tipo de ítem Koha Artículo Electrónico
Holdings
Estado de retiro Estado de pérdida Estado dañado No para préstamo Código de colección Localización permanente Ubicación/localización actual Ubicación en estantería Fecha de adquisición Total de préstamos Fecha visto por última vez Identificador Uniforme del Recurso Precio válido a partir de Tipo de ítem Koha
        Acceso abierto Bib. Gregorio Torres Quintero Bib. Gregorio Torres Quintero En línea 29/06/2026   29/06/2026 https://reis.cis.es/index.php/reis/article/view/2437/2951 29/06/2026 Artículo Electrónico